| 000 | 01261cam a2200385 a 4500 | ||
|---|---|---|---|
| 001 | 14152277 | ||
| 003 | OSt | ||
| 005 | 20140310184517.0 | ||
| 008 | 051024s2006 nyu c 000 1 eng | ||
| 010 | _a 2005027969 | ||
| 020 | _a9780439791465 | ||
| 020 | _a0439791464 | ||
| 035 | _a(OCoLC)ocm62172584 | ||
| 040 |
_aDLC _cDLC _dIG# _dBAKER _dOCO _dRLS _dDLC |
||
| 042 |
_alcac _alcac |
||
| 050 | 0 | 0 |
_aPZ 7 _b.C6837Gpk 2007 |
| 082 | 0 | 0 | _a[Fic] |
| 100 | 1 |
_aCollins, Suzanne. _95977 |
|
| 245 | 1 | 0 |
_aGregor and the marks of secret / _cSuzanne Collins. |
| 250 | _a1st ed. | ||
| 260 |
_aNew York : _bScholastic Press, _c2007. |
||
| 300 |
_a343 p. ; _c22 cm. |
||
| 490 | 1 |
_aUnderland chronicles ; _vbk. 4 |
|
| 521 | _aG5 | ||
| 526 | _c730 | ||
| 650 | 1 |
_aWar _vFiction. _929523 |
|
| 650 | 1 |
_aAnimals _vFiction. _929524 |
|
| 650 | 1 |
_aFantasy. _93293 |
|
| 800 | 1 |
_aCollins, Suzanne. _tUnderland chronicles ; _vbk. 4. _929525 |
|
| 856 | 4 | 2 |
_3Publisher description _uhttp://www.loc.gov/catdir/enhancements/fy1115/2005027969-d.html |
| 906 |
_a7 _bcbc _corignew _d1 _eecip _f20 _gy-gencatlg |
||
| 942 |
_2lcc _cBK-SCHOLAS |
||
| 999 |
_c34964 _d34964 |
||